00747nam a2200253 a 4500001001300000003000900013005001700022008004100039020000900080082001600089100002000105245006600125260002500191300000900216500003500225505001900260650001500279650003200294700002000326902000800346942000700354952011500361999001700476nice12345678IN_TiNIC20260116013304.0050524s1995 dela grp 000 0 eng  ac7500a302.23bTHO aThomas, Pradeep aCommunication and Human Dignityb Asian Christian Perspective aDelhi bISPCK c1995 a130p aincludes index and biblioraphy2 aNine Pamphlets aMass Media aChristianity And Mass Media1 aThomas, Pradeep bSRS cBK 001040708StackRoom-aHMIbHMId2007-08-01g75.00l0o302.23 THOp018321r2007-08-01v75.00w2005-05-24yBK c10422d10422